| 000 -LEADER |
| fixed length control field |
nam a22 a 4500 |
| 003 - CONTROL NUMBER IDENTIFIER |
| control field |
AM-YeNLA |
| 005 - DATE AND TIME OF LATEST TRANSACTION |
| control field |
20251017150836.0 |
| 007 - PHYSICAL DESCRIPTION FIXED FIELD--GENERAL INFORMATION |
| fixed length control field |
ta |
| 008 - FIXED-LENGTH DATA ELEMENTS--GENERAL INFORMATION |
| fixed length control field |
251017s2025 ai o|||gr|||||000|0|arm|| |
| 020 ## - INTERNATIONAL STANDARD BOOK NUMBER |
| International Standard Book Number |
978-99930-0-331-1 |
| 040 ## - CATALOGING SOURCE |
| Language of cataloging |
arm |
| Transcribing agency |
AM-YeNLA |
| 041 0# - LANGUAGE CODE |
| Language code of text/sound track or separate title |
arm |
| 100 1# - MAIN ENTRY--PERSONAL NAME |
| Personal name |
Հարությունյան, Գագիկ |
| 245 10 - TITLE STATEMENT |
| Title |
Սև և սպիտակ հիշողություններ |
| Medium |
[Գիրք-ալբոմ] / |
| Statement of responsibility, etc. |
Գ. Հարությունյան. |
| 260 ## - PUBLICATION, DISTRIBUTION, ETC. (IMPRINT) |
| Place of publication, distribution, etc. |
[Երևան ։ |
| Name of publisher, distributor, etc. |
Ոսկան Երևանցի, |
| Date of publication, distribution, etc. |
2025]. |
| 300 ## - PHYSICAL DESCRIPTION |
| Extent |
[272] էջ ։ |
| Other physical details |
լուսանկարներ ; |
| Dimensions |
24 սմ. |
| 500 ## - GENERAL NOTE |
| General note |
[Գրքում ընդգրկված են այլ հեղինակներից, գրքերից և պարբերականներից վերցված մեջբերումներ, մտքեր, տեսակետներ և նյութեր]։ |
| 650 14 - SUBJECT ADDED ENTRY--TOPICAL TERM |
| Topical term or geographic name as entry element |
Հայկական փաստագրական լուսանկարչություն |
| General subdivision |
Կատալոգներ |
| 650 14 - SUBJECT ADDED ENTRY--TOPICAL TERM |
| Topical term or geographic name as entry element |
Նորաձևություն |
| Form subdivision |
Պատկերագրքեր |
| 9 (RLIN) |
38478 |
| 942 ## - ADDED ENTRY ELEMENTS (KOHA) |
| Source of classification or shelving scheme |
|
| Koha item type |
Books |